Państwa Australii i Oceanii - Statystyki

Ogólne statystyki
  • Ten quiz został rozwiązany 34 razy
  • Średni wynik to 11 z 14
Odpowiedzi na mapie
Odpowiedzi zakodowano w zielono-czerwonej skali na mapie do tego quizu, zgodnie z poniższymi procentami.
 
Statystyki odpowiedzi
Państwo % Poprawnych
Australia
95%
Nowa Zelandia
90%
Fidżi
85%
Kiribati
85%
Mikronezja
85%
Nauru
85%
Papua Nowa-Gwinea
85%
Vanuatu
80%
Wyspy Marshalla
80%
Wyspy Salomona
80%
Palau
75%
Samoa
70%
Tuvalu
70%
Tonga
55%
Nie znaleziono quizów pasujących do podanych kryteriów
Rozkład punktacji
Procent ludzi z każdym wynikiem
Percentyl według liczby udzielonych odpowiedzi
Twoja historia wyników
Nie rozwiązałeś tego quizu